<?xml version="1.0" encoding="UTF-8"?>
<record
    xmlns:xsi="http://www.w3.org/2001/XMLSchema-instance"
    xsi:schemaLocation="http://www.loc.gov/MARC21/slim http://www.loc.gov/standards/marcxml/schema/MARC21slim.xsd"
    xmlns="http://www.loc.gov/MARC21/slim">

  <leader>01482nam a2200205 a 4500</leader>
  <controlfield tag="008">200313s2008    A  ||||gr|||| 00| 0 spa d</controlfield>
  <datafield tag="020" ind1=" " ind2=" ">
    <subfield code="a">9789505471010</subfield>
  </datafield>
  <datafield tag="041" ind1=" " ind2=" ">
    <subfield code="a">spa</subfield>
  </datafield>
  <datafield tag="092" ind1=" " ind2=" ">
    <subfield code="c">808</subfield>
    <subfield code="l">8</subfield>
    <subfield code="s">BRA</subfield>
  </datafield>
  <datafield tag="100" ind1="1" ind2=" ">
    <subfield code="a">Bradbury, Ray.</subfield>
    <subfield code="9">3937</subfield>
  </datafield>
  <datafield tag="245" ind1=" " ind2=" ">
    <subfield code="a">Cr&#xF3;nicas marcianas /</subfield>
    <subfield code="c">Ray Bradbury.</subfield>
  </datafield>
  <datafield tag="250" ind1=" " ind2=" ">
    <subfield code="a">4a ed.</subfield>
    <subfield code="b">Traducci&#xF3;n Francisco Abelenda.</subfield>
  </datafield>
  <datafield tag="260" ind1=" " ind2=" ">
    <subfield code="a">Buenos Aires:</subfield>
    <subfield code="b">Minotauro;</subfield>
    <subfield code="c">2008.</subfield>
  </datafield>
  <datafield tag="300" ind1=" " ind2=" ">
    <subfield code="a">280 p.</subfield>
    <subfield code="b">19x13 cm.</subfield>
  </datafield>
  <datafield tag="500" ind1=" " ind2=" ">
    <subfield code="a">Bradbury, R. (2008). Cr&#xF3;nicas marcianas. (4a ed.). Buenos Aires : Alfaguara.</subfield>
  </datafield>
  <datafield tag="505" ind1=" " ind2=" ">
    <subfield code="a">Esta colecci&#xF2;n de relatos re&#xF9;ne la cr&#xF2;nica de la colonizaci&#xF2;n de Marte por parte de una humanidad que abandona la Tierra en sucesivas oleadas de cohetes plateados y sue&#xF1;a con reproducir en el Planeta Rojo una civilizaci&#xF2;n de perritos calientes, c&#xF2;modos sof&#xE0;s y limonada en el porche al atardecer. Pero los colonos tambi&#xE8;n traen equipajes las enfermedasdes que diezmar&#xE0;n a los marcianos y mostrar&#xE0;n muy poco respeto por una cultura planetaria, misteriosa y fascinate , que &#xE8;stos intentar&#xE0;n proteger ante la rapacidad de los terr&#xEC;colas. Escritas en la d&#xE8;cada de 1940  y situadas en el lejano futuro que comienza en 1999, estas historias, aparentemente sencillas, sirven de excusa para que Bradbury se sumerja en los misterios del alma y desarrolle una de las haza&#xF1;as m&#xE0;s apasionantes de la humanidad.</subfield>
  </datafield>
  <datafield tag="590" ind1=" " ind2=" ">
    <subfield code="a">Proyecto 4to libro. Donaci&#xF3;n G&#xF3;mez Sifuentes Stefania. Marzo 2020.</subfield>
  </datafield>
  <datafield tag="655" ind1=" " ind2=" ">
    <subfield code="a">Literatura</subfield>
    <subfield code="9">2917</subfield>
  </datafield>
  <datafield tag="942" ind1=" " ind2=" ">
    <subfield code="2">ddc</subfield>
    <subfield code="c">LIT</subfield>
  </datafield>
  <datafield tag="999" ind1=" " ind2=" ">
    <subfield code="c">3098</subfield>
    <subfield code="d">3098</subfield>
  </datafield>
  <datafield tag="952" ind1=" " ind2=" ">
    <subfield code="0">0</subfield>
    <subfield code="1">0</subfield>
    <subfield code="2">ddc</subfield>
    <subfield code="4">0</subfield>
    <subfield code="7">0</subfield>
    <subfield code="a">BFM</subfield>
    <subfield code="b">BFM</subfield>
    <subfield code="c">CR</subfield>
    <subfield code="d">2020-03-13</subfield>
    <subfield code="e">Donaci&#xF3;n G&#xF3;mez Sifuentes, Stefania. Marzo 2020.</subfield>
    <subfield code="l">0</subfield>
    <subfield code="o">808 8 BRA</subfield>
    <subfield code="p">4652</subfield>
    <subfield code="r">2020-03-13</subfield>
    <subfield code="t">Ej. 1</subfield>
    <subfield code="w">2020-03-13</subfield>
    <subfield code="y">LIT</subfield>
    <subfield code="z">Proyecto 4to libro. Donaci&#xF3;n G&#xF3;mez Sifuentes Stefania. Marzo 2020.</subfield>
  </datafield>
</record>
